Biggest countries bordering least populous countries - Statistics

General Stats
  • This quiz has been taken 675 times
  • The average score is 19 of 23
Answer Stats
Answer % Correct
China
97%
Russia
97%
Brazil
96%
India
96%
Bhutan
92%
Guyana
92%
Suriname
92%
Latvia
89%
Estonia
88%
Lithuania
86%
France
85%
Mongolia
85%
Mexico
81%
Andorra
80%
Indonesia
80%
Spain
80%
Monaco
79%
Belize
77%
East Timor
75%
South Africa
70%
Eswatini
66%
Ethiopia
56%
Djibouti
54%
No matching quizzes found
Score Distribution
Percent of People with Each Score
Percentile by Number Answered
Your Score History
You have not taken this quiz